| 000 | 00902cab a2200277 4500 | ||
|---|---|---|---|
| 001 | ABS59904 | ||
| 008 | 090401t1999 xxu||||| |||| 00| 0 eng d | ||
| 035 | _a(Sirsi) u90997 | ||
| 041 | _aeng | ||
| 100 | _aRichardson, V. | ||
| 245 | _aAxis power | ||
| 260 | _c1999 | ||
| 350 | _a0 | ||
| 490 |
_aRIBA Journal _v106(2) February 1999, 50-55(5) |
||
| 520 | _aA `building study` of the new campus at Lichfield University designed by Hickton Madeley Architects, which is the first modern building to be built in the city for 40 years. Plans, sections, and a cost specification. | ||
| 650 | _aBUILT ENVIRONMENT-BUILDING COSTS | ||
| 650 | _aCLASSROOMS | ||
| 650 | _aEDUCATIONAL BUILDINGS | ||
| 650 | _aLICHFIELD | ||
| 650 | _aPLANS | ||
| 650 | _aUNIVERSITY BUILDINGS | ||
| 650 | _aUNIVERSITY CAMPUSES | ||
| 690 | _aBUILDING AND CONSTRUCTION-PROJECTS | ||
| 942 | _n0 | ||
| 948 | _c29/01/1999 | ||
| 999 |
_c57737 _d57737 |
||